[Event "BCF-chT4S 1819 (4NCL)"]
[Site "England"]
[Date "2019.04.13"]
[Round "7.26"]
[White "Weatherlake, John P"]
[Black "Burke, Steven J"]
[Result "1-0"]
[WhiteElo "1922"]
[BlackElo "1952"]
[PlyCount "95"]
[EventDate "2018.11.17"]
[EventType "team-swiss"]
[EventRounds "11"]
[EventCountry "ENG"]
[SourceTitle "EXT 2021"]
[Source "ChessBase"]
[SourceDate "2020.10.23"]
[SourceVersion "1"]
[SourceVersionDate "2020.10.23"]
[SourceQuality "1"]
[WhiteTeam "Wessex II"]
[BlackTeam "Ashfield"]
[WhiteTeamCountry "ENG"]
[BlackTeamCountry "ENG"]

1. d4 d6 2. Nc3 e5 3. dxe5 dxe5 4. Qxd8+ Kxd8 5. f4 Bb4 6. fxe5 Bxc3+ 7. bxc3 Nc6 8. Bg5+ Ke8 9. Nf3 Nge7 10. 0-0-0 a6 11. Bf4 Be6 12. Kb2 Ng6 13. Bg3 h6 14. h3 Rd8 15. Rxd8+ Kxd8 16. e3 Na5 17. Nd2 Nc6 18. Nf3 Na5 19. Bd3 Nc4+ 20. Bxc4 Bxc4 21. Nd4 Be6 22. e4 Re8 23. Re1 Ne7 24. Rd1 Kc8 25. Nxe6 fxe6 26. Rf1 Ng6 27. Rf3 Rf8 28. Bh2 Kd7 29. Rg3 Nxe5 30. Rxg7+ Nf7 31. Bf4 Kc6 32. Rg6 Nd6 33. Bxd6 Kxd6 34. Rxh6 Rf4 35. g4 Rxe4 36. g5 Ke5 37. h4 Rg4 38. g6 b5 39. h5 Kf6 40. Rh7 e5 41. Rxc7 Kg5 42. Rh7 Kf6 43. Ra7 Kg5 44. Rxa6 Kxh5 45. Re6 e4 46. g7 Rxg7 47. Rxe4 Rb7 48. Rb4 1-0

[Event "BCF-chT4S 1819 (4NCL)"]
[Site "England"]
[Date "2019.02.10"]
[Round "6.15"]
[White "Tart, Peter K"]
[Black "Burke, Steven J"]
[Result "1/2-1/2"]
[WhiteElo "1933"]
[BlackElo "1952"]
[PlyCount "62"]
[EventDate "2018.11.17"]
[EventType "team-swiss"]
[EventRounds "11"]
[EventCountry "ENG"]
[SourceTitle "EXT 2021"]
[Source "ChessBase"]
[SourceDate "2020.10.23"]
[SourceVersion "1"]
[SourceVersionDate "2020.10.23"]
[SourceQuality "1"]
[WhiteTeam "Crowthorne"]
[BlackTeam "Ashfield"]
[WhiteTeamCountry "ENG"]
[BlackTeamCountry "ENG"]

1. e4 c5 2. Nc3 Nc6 3. Bb5 g6 4. Bxc6 dxc6 5. d3 e5 6. Nge2 Bg7 7. 0-0 Ne7 8. Be3 b6 9. Qd2 Be6 10. Bh6 Bxh6 11. Qxh6 Ng8 12. Qg7 Qf6 13. Qxf6 Nxf6 14. f4 exf4 15. Nxf4 Ng4 16. h3 Ne5 17. Nxe6 fxe6 18. Rf6 Ke7 19. Raf1 Raf8 20. Rxf8 Rxf8 21. Rxf8 Kxf8 22. Kf2 Nd7 23. Kg3 e5 24. Kg4 h6 25. Ne2 Kg7 26. h4 h5+ 27. Kf3 Nf8 28. c3 Ne6 29. g3 Kf6 30. Nc1 Ke7 31. Ne2 Kf6 1/2-1/2

[Event "BCF-chT3N 1617 (4NCL)"]
[Site "England"]
[Date "2017.04.30"]
[Round "10.46"]
[White "Gissi, Alberto"]
[Black "Burke, Steven J"]
[Result "0-1"]
[WhiteElo "1570"]
[BlackElo "1900"]
[PlyCount "128"]
[EventDate "2016.11.26"]
[EventType "team-swiss"]
[EventRounds "11"]
[EventCountry "ENG"]
[SourceTitle "EXT 2019"]
[Source "ChessBase"]
[SourceDate "2018.10.10"]
[SourceVersion "1"]
[SourceVersionDate "2018.10.10"]
[SourceQuality "1"]
[WhiteTeam "Holmes Chapel"]
[BlackTeam "Ashfield Breadsall"]
[WhiteTeamCountry "ENG"]
[BlackTeamCountry "ENG"]

1. e4 d6 2. d4 Nf6 3. Bd3 Nbd7 4. c4 e5 5. d5 Nc5 6. Nc3 g6 7. Nge2 Bg7 8. Bc2 0-0 9. 0-0 Nh5 10. f4 exf4 11. Nxf4 Nxf4 12. Bxf4 Nd7 13. Qd2 Ne5 14. b3 a6 15. Bh6 Bxh6 16. Qxh6 Ng4 17. Qd2 Qe7 18. Rae1 Qe5 19. g3 Bd7 20. Ne2 Qh5 21. Nf4 Qh6 22. Re2 Ne5 23. Bd1 Rae8 24. Re3 b6 25. Nd3 Nxd3 26. Qxd3 f5 27. Bf3 fxe4 28. Bxe4 Rxf1+ 29. Kxf1 Qxh2 30. Re2 Rf8+ 31. Ke1 Qg1+ 32. Kd2 Bg4 33. Rg2 Qd1+ 34. Kc3 Qe1+ 35. Kb2 Rf2+ 36. Rxf2 Qxf2+ 37. Ka3 Kg7 38. Qc3+ Qf6 39. Qe3 Qe5 40. Qd3 Bd7 41. b4 Qa1 42. Kb3 Bg4 43. Qd2 Qd1+ 44. Qc2 Qxc2+ 45. Bxc2 Be2 46. Kc3 h5 47. Kd4 Kf6 48. a4 a5 49. bxa5 bxa5 50. c5 g5 51. cxd6 cxd6 52. Ke3 Bf1 53. Bb3 Ke5 54. Kf2 Ba6 55. Bd1 h4 56. gxh4 gxh4 57. Kf3 Bc8 58. Bb3 Bd7 59. Ke3 Bg4 60. Kf2 Kd4 61. Ba2 Bd1 62. Kg2 Bxa4 63. Kh3 Kc3 64. Kxh4 Bb3 0-1

[Event "BCF-chT3N 1617 (4NCL)"]
[Site "England"]
[Date "2017.02.12"]
[Round "6.75"]
[White "Burke, Steven J"]
[Black "Gawne, Martin P"]
[Result "1/2-1/2"]
[WhiteElo "1900"]
[BlackElo "1847"]
[PlyCount "53"]
[EventDate "2016.11.26"]
[EventType "team-swiss"]
[EventRounds "11"]
[EventCountry "ENG"]
[SourceTitle "EXT 2019"]
[Source "ChessBase"]
[SourceDate "2018.10.10"]
[SourceVersion "1"]
[SourceVersionDate "2018.10.10"]
[SourceQuality "1"]
[WhiteTeam "Ashfield Breadsall"]
[BlackTeam "Manchester Manticores IV"]
[WhiteTeamCountry "ENG"]
[BlackTeamCountry "ENG"]

1. e4 e5 2. Nf3 Nc6 3. Bc4 Bc5 4. d3 h6 5. c3 Qe7 6. a4 a6 7. b4 Ba7 8. Ba3 d6 9. Nbd2 Be6 10. Qb3 Bxc4 11. Qxc4 Nf6 12. b5 Na5 13. Qb4 axb5 14. axb5 Bc5 15. Qb2 d5 16. Bb4 b6 17. Bxc5 Qxc5 18. d4 exd4 19. cxd4 Qe7 20. e5 0-0 21. 0-0 Nh5 22. g3 Qe6 23. Qc2 c6 24. bxc6 Nxc6 25. Qb2 Rfb8 26. Rxa8 Rxa8 27. Rb1 1/2-1/2

[Event "BCF-chT3N 1617 (4NCL)"]
[Site "England"]
[Date "2016.11.26"]
[Round "1.84"]
[White "Cooper, John G"]
[Black "Burke, Steven J"]
[Result "1/2-1/2"]
[WhiteElo "1958"]
[BlackElo "1900"]
[PlyCount "42"]
[EventDate "2016.11.26"]
[EventType "team-swiss"]
[EventRounds "11"]
[EventCountry "ENG"]
[SourceTitle "EXT 2019"]
[Source "ChessBase"]
[SourceDate "2018.10.10"]
[SourceVersion "1"]
[SourceVersionDate "2018.10.10"]
[SourceQuality "1"]
[WhiteTeam "Spirit of Atticus II"]
[BlackTeam "Ashfield Breadsall II"]
[WhiteTeamCountry "ENG"]
[BlackTeamCountry "ENG"]

1. e4 d6 2. d4 Nf6 3. Nc3 Nbd7 4. Nge2 e5 5. g3 c6 6. a4 a5 7. Bg2 Be7 8. h3 h6 9. f4 Qc7 10. Be3 Rg8 11. Qd2 exf4 12. gxf4 Nb6 13. b3 d5 14. e5 Nh7 15. 0-0 g6 16. Kh2 h5 17. Bf3 Nf8 18. Rg1 Qd7 19. Bg2 Ne6 20. Raf1 Ng7 21. Rf3 Nf5 1/2-1/2

[Event "BCF-chT3Sc 1516 (4NCL)"]
[Site "England"]
[Date "2016.05.02"]
[Round "11.60"]
[White "Homer, Stephen J"]
[Black "Burke, Steven J"]
[Result "1-0"]
[WhiteElo "1992"]
[BlackElo "1945"]
[PlyCount "81"]
[EventDate "2016.03.20"]
[EventType "team-swiss"]
[EventRounds "11"]
[EventCountry "ENG"]
[SourceTitle "EXT 2017"]
[Source "ChessBase"]
[SourceDate "2016.10.25"]
[SourceVersion "1"]
[SourceVersionDate "2016.10.25"]
[SourceQuality "1"]
[WhiteTeam "West is Best"]
[BlackTeam "Ashfield Breadsall"]
[WhiteTeamCountry "ENG"]
[BlackTeamCountry "ENG"]

1. e4 e6 2. d3 d5 3. Qe2 d4 4. f4 c5 5. Nd2 Nc6 6. Ngf3 Qa5 7. Kf2 b5 8. g3 Nf6 9. h3 Bb7 10. Bg2 Qb6 11. a4 a6 12. axb5 axb5 13. Rxa8+ Bxa8 14. g4 Bb7 15. Nf1 Be7 16. Ng3 h5 17. g5 h4 18. Nxh4 Rxh4 19. gxf6 Bxf6 20. Nh5 Bd8 21. Nxg7+ Kf8 22. Nh5 Nb4 23. Bf3 c4 24. Kf1 Qc5 25. f5 cxd3 26. Bh6+ Ke8 27. cxd3 Qc2 28. Rg1 Qb1+ 29. Kg2 Qxd3 30. Qxd3 Nxd3 31. Rd1 Rxh5 32. Bxh5 Bxe4+ 33. Bf3 Bxf5 34. Bc6+ Ke7 35. Bxb5 Bxh3+ 36. Kg3 Bc7+ 37. Kh4 Nf2 38. Rxd4 Be5 39. Bg5+ Kf8 40. Rd2 Bg3+ 41. Kxg3 1-0

[Event "BCF-chT4 1516 (4NCL)"]
[Site "England"]
[Date "2016.02.13"]
[Round "5.186"]
[White "Burke, Steven J"]
[Black "Ireland, David J"]
[Result "0-1"]
[WhiteElo "1906"]
[BlackElo "1916"]
[PlyCount "50"]
[EventDate "2015.11.14"]
[EventType "team-swiss"]
[EventRounds "11"]
[EventCountry "ENG"]
[SourceTitle "EXT 2017"]
[Source "ChessBase"]
[SourceDate "2016.10.25"]
[SourceVersion "1"]
[SourceVersionDate "2016.10.25"]
[SourceQuality "1"]
[WhiteTeam "Ashfield Breadsall II"]
[BlackTeam "Throw in the Tal"]
[WhiteTeamCountry "ENG"]
[BlackTeamCountry "ENG"]

1. d4 Nf6 2. Nf3 c5 3. e3 d5 4. c3 Bf5 5. Bb5+ Nc6 6. Ne5 Qb6 7. Qa4 Rc8 8. 0-0 e6 9. Nd2 Bd6 10. Ndf3 0-0 11. Bxc6 bxc6 12. Qd1 h6 13. b3 cxd4 14. cxd4 c5 15. dxc5 Rxc5 16. Ba3 Rc7 17. Bxd6 Qxd6 18. Rc1 Rfc8 19. Rxc7 Qxc7 20. Qd4 Ne4 21. g4 Bh7 22. Nd3 Nc3 23. Kg2 Nb5 24. Qb4 Bxd3 25. Rd1 Be2 0-1

[Event "BCF-chT3Sb 1516 (4NCL)"]
[Site "England"]
[Date "2015.11.15"]
[Round "2.99"]
[White "Burke, Steven J"]
[Black "Dydak, Mateusz"]
[Result "1/2-1/2"]
[WhiteElo "1945"]
[BlackElo "1877"]
[PlyCount "48"]
[EventDate "2015.11.14"]
[EventType "team-swiss"]
[EventRounds "7"]
[EventCountry "ENG"]
[SourceTitle "CBM 169 Extra"]
[Source "ChessBase"]
[SourceDate "2015.12.18"]
[SourceVersion "1"]
[SourceVersionDate "2015.12.18"]
[SourceQuality "1"]

1. f4 d5 2. Nf3 Nf6 3. g3 g6 4. Bg2 Bg7 5. 0-0 0-0 6. d3 c5 7. c3 Nc6 8. Na3 Re8 9. Nh4 e6 10. e4 dxe4 11. dxe4 Qxd1 12. Rxd1 e5 13. f5 a6 14. Nc4 b5 15. Nd6 Rf8 16. Be3 c4 17. a4 Rb8 18. axb5 axb5 19. Bf3 Rd8 20. Nxc8 Rxd1+ 21. Rxd1 Rxc8 22. fxg6 hxg6 23. g4 Rd8 24. Rxd8+ Nxd8 1/2-1/2

[Event "BCF-chT4 1516 (4NCL)"]
[Site "England"]
[Date "2015.11.14"]
[Round "1.99"]
[White "Mallin, Max"]
[Black "Burke, Steven J"]
[Result "1/2-1/2"]
[WhiteElo "1750"]
[BlackElo "1906"]
[PlyCount "36"]
[EventDate "2015.11.14"]
[EventType "team-swiss"]
[EventRounds "11"]
[EventCountry "ENG"]
[SourceTitle "EXT 2017"]
[Source "ChessBase"]
[SourceDate "2016.10.25"]
[SourceVersion "1"]
[SourceVersionDate "2016.10.25"]
[SourceQuality "1"]
[WhiteTeam "Barnet Knights II"]
[BlackTeam "Ashfield Breadsall II"]
[WhiteTeamCountry "ENG"]
[BlackTeamCountry "ENG"]

1. d4 d5 2. c4 c6 3. Nf3 Nf6 4. Nc3 a6 5. c5 g6 6. h3 Bg7 7. Bf4 0-0 8. e3 Re8 9. Bd3 Nbd7 10. g4 b6 11. cxb6 Qxb6 12. Qd2 Bb7 13. Na4 Qd8 14. Rc1 a5 15. Ne5 Nxe5 16. Bxe5 Nd7 17. Bxg7 Kxg7 18. f4 Ra7 1/2-1/2

[Event "Bolton 4NCL op-A 4th"]
[Site "Bolton"]
[Date "2015.09.12"]
[Round "3.3"]
[White "Burke, Steven J"]
[Black "Taylor, Adam C"]
[Result "0-1"]
[WhiteElo "1936"]
[BlackElo "2189"]
[PlyCount "48"]
[EventDate "2015.09.11"]
[EventType "swiss"]
[EventRounds "5"]
[EventCountry "ENG"]
[SourceTitle "EXT 2023"]
[Source "ChessBase"]
[SourceDate "2022.10.05"]
[SourceVersion "1"]
[SourceVersionDate "2022.10.05"]
[SourceQuality "1"]

1. f4 Nf6 2. Nf3 d6 3. d3 e5 4. e4 Nc6 5. c3 exf4 6. Bxf4 d5 7. e5 Nh5 8. g3 d4 9. cxd4 Nxf4 10. gxf4 Bg4 11. Be2 Bxf3 12. Bxf3 Qh4+ 13. Kf1 Qxf4 14. Kg2 Qg5+ 15. Kf2 Qh4+ 16. Kg2 Qxd4 17. Bxc6+ bxc6 18. Nc3 Rb8 19. Rb1 Bc5 20. Qf3 0-0 21. Rhf1 Qxe5 22. Qxc6 Bd4 23. Kh1 Rb6 24. Qc4 Rh6 0-1

[Event "Bolton 4NCL op-A 4th"]
[Site "Bolton"]
[Date "2015.09.12"]
[Round "2.13"]
[White "Lentzos, Ioanis"]
[Black "Burke, Steven J"]
[Result "0-1"]
[WhiteElo "2019"]
[BlackElo "1936"]
[PlyCount "176"]
[EventDate "2015.09.11"]
[EventType "swiss"]
[EventRounds "5"]
[EventCountry "ENG"]
[SourceTitle "EXT 2023"]
[Source "ChessBase"]
[SourceDate "2022.10.05"]
[SourceVersion "1"]
[SourceVersionDate "2022.10.05"]
[SourceQuality "1"]

1. e4 Nf6 2. e5 Nd5 3. d4 d6 4. Nf3 dxe5 5. Nxe5 g6 6. Bc4 c6 7. 0-0 Bg7 8. Re1 0-0 9. Bb3 Be6 10. Nd2 Nd7 11. Ndf3 a5 12. c3 h6 13. Bc2 Bg4 14. h3 Bxf3 15. Nxf3 Re8 16. h4 e6 17. h5 g5 18. Qd3 Nf8 19. Ne5 Qf6 20. a3 Nf4 21. Qf3 Nd5 22. Qe4 Qe7 23. f4 f5 24. Qf3 g4 25. Qf2 Bf6 26. c4 Nc7 27. Bd2 Qg7 28. Bc3 Bxe5 29. dxe5 Qf7 30. Qb6 Reb8 31. Bxa5 Ne8 32. Bb4 Qxh5 33. g3 Ra6 34. Qe3 b6 35. Bd6 Rc8 36. Bxf8 Kxf8 37. Rad1 Qf7 38. Rd3 c5 39. Red1 Ra7 40. Qd2 Rcc7 41. Rd8 Kg7 42. Qd3 Kg6 43. Rd2 h5 44. Bd1 Qe7 45. Be2 Kf7 46. Bf1 Kg6 47. Bg2 Qf7 48. Kf2 Qe7 49. Rd6 h4 50. Rxb6 Rd7 51. Bd5 Nc7 52. Qe3 hxg3+ 53. Kxg3 Rd8 54. Bc6 Rh8 55. Rh2 Rxh2 56. Kxh2 Qh4+ 57. Kg2 Na8 58. Be8+ Kg7 59. Bc6 Nxb6 60. Qxc5 Nc8 61. Qe3 Kg6 62. Be8+ Kg7 63. c5 Qh3+ 64. Qxh3 gxh3+ 65. Kxh3 Kf8 66. Bb5 Rb7 67. Ba6 Rb3+ 68. Kh4 Ne7 69. Bc4 Rxb2 70. Bxe6 Rc2 71. a4 Rxc5 72. Kg5 Ra5 73. Bd7 Kf7 74. e6+ Kg7 75. Bb5 Ra8 76. Bd7 Ra6 77. Kh4 Kf6 78. Kg3 Nd5 79. Kf3 Nc7 80. e7 Kxe7 81. Bxf5 Rxa4 82. Bc2 Ra3+ 83. Kg4 Kf6 84. f5 Nd5 85. Be4 Ra4 86. Kf3 Ke5 87. Bc2 Ra3+ 88. Kg4 Ne3+ 0-1

[Event "Bolton 4NCL op-A 4th"]
[Site "Bolton"]
[Date "2015.09.11"]
[Round "1.6"]
[White "Burke, Steven J"]
[Black "Surtees, Michael"]
[Result "1/2-1/2"]
[WhiteElo "1936"]
[BlackElo "2149"]
[PlyCount "75"]
[EventDate "2015.09.11"]
[EventType "swiss"]
[EventRounds "5"]
[EventCountry "ENG"]
[SourceTitle "EXT 2023"]
[Source "ChessBase"]
[SourceDate "2022.10.05"]
[SourceVersion "1"]
[SourceVersionDate "2022.10.05"]
[SourceQuality "1"]

1. f4 d5 2. Nf3 c6 3. g3 g6 4. Bg2 Bg7 5. c3 Nh6 6. d3 0-0 7. 0-0 a5 8. e4 b6 9. h3 f6 10. g4 Nf7 11. Be3 e6 12. Na3 Nd7 13. Nd4 Nb8 14. Ne2 Bb7 15. Ng3 Nd7 16. Rf2 Qc7 17. exd5 exd5 18. d4 Rfe8 19. Qd2 Bf8 20. Nc2 Rad8 21. Bf1 Nd6 22. Bd3 Nc4 23. Bxc4 dxc4 24. Qe2 b5 25. Qf1 Nb6 26. Re1 Nd5 27. Bd2 Bc8 28. Ne3 Nxe3 29. Rxe3 Rxe3 30. Bxe3 Re8 31. Re2 c5 32. dxc5 Rxe3 33. Rxe3 Bxc5 34. Qf2 Bb7 35. Kf1 Kf7 36. Ne2 Bxe3 37. Qxe3 Qc6 38. Nd4 1/2-1/2

[Event "BCF-chT3 1415 (4NCL)"]
[Site "England"]
[Date "2015.05.03"]
[Round "11.99"]
[White "Burke, Steven J"]
[Black "Terry, Sean"]
[Result "1-0"]
[WhiteElo "1974"]
[BlackElo "1930"]
[PlyCount "109"]
[EventDate "2015.03.21"]
[EventType "team-swiss"]
[EventRounds "11"]
[EventCountry "ENG"]
[SourceTitle "EXT 2016"]
[Source "ChessBase"]
[SourceDate "2015.10.08"]
[SourceVersion "1"]
[SourceVersionDate "2015.10.08"]
[SourceQuality "1"]
[WhiteTeam "Ashfield Breadsall"]
[BlackTeam "Oxford II"]
[WhiteTeamCountry "ENG"]
[BlackTeamCountry "ENG"]

1. e4 c5 2. Nf3 Nc6 3. Bb5 e6 4. Bxc6 bxc6 5. d3 g6 6. 0-0 Bg7 7. e5 Rb8 8. Nc3 f5 9. Na4 Qa5 10. b3 Nh6 11. Ba3 Nf7 12. Re1 0-0 13. Rb1 d6 14. exd6 Nxd6 15. Bxc5 Qc7 16. Bd4 Nf7 17. Bxg7 Kxg7 18. d4 Bd7 19. Nc5 Rbe8 20. Ne5 Nxe5 21. Rxe5 Bc8 22. Qe2 Qa5 23. a4 Qc3 24. Qd3 Qxd3 25. Nxd3 Rd8 26. c3 Rd5 27. Rbe1 Rfd8 28. Nf4 Rxe5 29. Rxe5 Kf6 30. Ra5 a6 31. Nd3 Rd5 32. Rxd5 exd5 33. f4 g5 34. Kf2 h6 35. Kg3 Bd7 36. Nb4 a5 37. Nd3 Bc8 38. Ne5 Bb7 39. Nd7+ Ke7 40. Nc5 Bc8 41. b4 axb4 42. cxb4 Kd6 43. Nd3 Ke6 44. Ne5 Bb7 45. Kf3 Ke7 46. a5 Ke6 47. Nd3 Kd6 48. fxg5 hxg5 49. h4 gxh4 50. Kf4 Bc8 51. Kg5 Kc7 52. Kxh4 Kb8 53. Nc5 Ka7 54. Kg5 Kb8 55. g3 1-0

[Event "BCF-chT3 1415 (4NCL)"]
[Site "England"]
[Date "2015.05.02"]
[Round "10.99"]
[White "Burke, Steven J"]
[Black "Lyth, John D"]
[Result "0-1"]
[WhiteElo "1974"]
[BlackElo "2016"]
[PlyCount "56"]
[EventDate "2015.03.21"]
[EventType "team-swiss"]
[EventRounds "11"]
[EventCountry "ENG"]
[SourceTitle "EXT 2016"]
[Source "ChessBase"]
[SourceDate "2015.10.08"]
[SourceVersion "1"]
[SourceVersionDate "2015.10.08"]
[SourceQuality "1"]
[WhiteTeam "Ashfield Breadsall"]
[BlackTeam "Manchester Manticores"]
[WhiteTeamCountry "ENG"]
[BlackTeamCountry "ENG"]

1. e4 e5 2. Nf3 Nc6 3. d4 exd4 4. Nxd4 Qh4 5. Nc3 Bb4 6. Be2 Qxe4 7. Ndb5 Bxc3+ 8. bxc3 Kd8 9. 0-0 a6 10. Bf3 Qg6 11. Nd4 Nge7 12. h4 h6 13. Ba3 Qf6 14. Re1 d6 15. Qe2 Bd7 16. Rab1 Re8 17. Qd2 Rb8 18. Red1 Nxd4 19. cxd4 Bc6 20. d5 Bd7 21. Qa5 Nf5 22. Bg4 Ne3 23. Bxd7 Nxd1 24. Bxe8 Qxf2+ 25. Kh2 Qxh4+ 26. Kg1 Qf2+ 27. Kh2 Ne3 28. Bxd6 Qxg2# 0-1

[Event "BCF-chT3S 1415 (4NCL)"]
[Site "England"]
[Date "2015.01.10"]
[Round "3.188"]
[White "Burke, Steven J"]
[Black "Fallowfield, Jeremy"]
[Result "0-1"]
[WhiteElo "1961"]
[BlackElo "2047"]
[PlyCount "76"]
[EventDate "2014.11.15"]
[EventType "team-swiss"]
[EventRounds "6"]
[EventCountry "ENG"]
[SourceTitle "EXT 2016"]
[Source "ChessBase"]
[SourceDate "2015.10.08"]
[SourceVersion "1"]
[SourceVersionDate "2015.10.08"]
[SourceQuality "1"]
[WhiteTeam "Ashfield Breadsall"]
[BlackTeam "Warwicks Select II"]
[WhiteTeamCountry "ENG"]
[BlackTeamCountry "ENG"]

1. e4 g6 2. Nc3 Bg7 3. f4 c5 4. Nf3 Nc6 5. Bb5 Nd4 6. 0-0 Nxb5 7. Nxb5 d5 8. e5 a6 9. Nc3 d4 10. Ne4 Qd5 11. d3 Nh6 12. c4 dxc3 13. Nxc3 Qd8 14. Na4 b6 15. d4 cxd4 16. Qxd4 Qxd4+ 17. Nxd4 Rb8 18. h3 Nf5 19. Nxf5 Bxf5 20. Be3 f6 21. Bd4 fxe5 22. fxe5 b5 23. Nc5 Rd8 24. Rad1 Bh6 25. Nxa6 Rxd4 26. Nc7+ Kd7 27. Rxd4+ Kxc7 28. Rf3 Bg7 29. Re3 Ra8 30. Rb4 Kb6 31. g4 Bd7 32. a3 Rc8 33. e6 Bc6 34. g5 Rd8 35. Kf1 Bd4 36. Rd3 Rf8+ 37. Ke1 Bc5 38. Rh4 Bf2+ 0-1

[Event "BCF-chT3S 1415 (4NCL)"]
[Site "England"]
[Date "2014.11.16"]
[Round "2.87"]
[White "Burke, Steven J"]
[Black "Lentzos, Ioanis"]
[Result "1/2-1/2"]
[WhiteElo "1974"]
[BlackElo "1897"]
[PlyCount "51"]
[EventDate "2014.11.15"]
[EventType "team-swiss"]
[EventRounds "6"]
[EventCountry "ENG"]
[SourceTitle "CBM 163 Extra"]
[Source "ChessBase"]
[SourceDate "2014.12.23"]
[SourceVersion "1"]
[SourceVersionDate "2014.12.23"]
[SourceQuality "1"]
[WhiteTeam "Ashfield Breadsall"]
[BlackTeam "e2e4.org.uk II"]
[WhiteTeamCountry "ENG"]
[BlackTeamCountry "ENG"]

1. e4 c6 2. d4 d5 3. e5 Bf5 4. Nf3 e6 5. Be2 c5 6. 0-0 Nc6 7. c3 cxd4 8. Nxd4 Nxd4 9. cxd4 Ne7 10. Nc3 Nc6 11. Be3 Be7 12. Rc1 0-0 13. Qd2 Rc8 14. g4 Bg6 15. f4 f5 16. Na4 Qa5 17. Qxa5 Nxa5 18. Rxc8 Rxc8 19. Rc1 Rxc1+ 20. Bxc1 fxg4 21. Bxg4 Kf7 22. Nc3 Nc6 23. Be3 a6 24. Nxd5 h5 25. Nxe7 hxg4 26. Nxc6 1/2-1/2

[Event "4NCL-ch rapid"]
[Site "Daventry"]
[Date "2014.10.05"]
[Round "1.10"]
[White "Poobalasingam, Peter"]
[Black "Burke, Steven J"]
[Result "1-0"]
[WhiteElo "2239"]
[BlackElo "1974"]
[PlyCount "85"]
[EventDate "2014.10.05"]
[EventType "swiss (rapid)"]
[EventRounds "7"]
[EventCountry "ENG"]
[SourceTitle "CBM 162 Extra"]
[Source "ChessBase"]
[SourceDate "2014.10.17"]
[SourceVersion "1"]
[SourceVersionDate "2014.10.17"]
[SourceQuality "1"]

1. d4 Nf6 2. c4 c5 3. Nf3 g6 4. b3 cxd4 5. Nxd4 Bg7 6. Nc3 d5 7. e3 0-0 8. cxd5 Nxd5 9. Nxd5 Qxd5 10. Bb2 Qa5+ 11. Qd2 Qxd2+ 12. Kxd2 Rd8 13. Kc1 Bd7 14. Bc4 Nc6 15. Rd1 Nxd4 16. Bxd4 Bg4 17. f3 Bxd4 18. exd4 Bd7 19. Kb2 Rac8 20. Re1 b5 21. Bd3 e6 22. Rad1 Bc6 23. Be4 f5 24. Bc2 Bd5 25. Re5 Rc6 26. Rd2 Rdc8 27. Bd3 a6 28. Re1 Kf7 29. h4 h5 30. Rg1 Kf6 31. Rf2 Rc3 32. Bc4 Re3 33. Bxd5 exd5 34. g4 hxg4 35. fxg4 Re4 36. h5 Rce8 37. Kc3 a5 38. hxg6 f4 39. Kd3 Kxg6 40. Rc1 Re3+ 41. Kd2 Kg5 42. Rc5 Kxg4 43. Rxd5 1-0

[Event "Sunningdale e2e4 op 05"]
[Site "Ascot"]
[Date "2014.05.24"]
[Round "2"]
[White "Burke, Steven J"]
[Black "Rodriguez Diaz, Javier"]
[Result "1-0"]
[WhiteElo "1999"]
[BlackElo "1867"]
[PlyCount "91"]
[EventDate "2014.05.23"]
[EventType "swiss"]
[EventRounds "7"]
[EventCountry "ENG"]
[SourceTitle "CBM 160 Extra"]
[Source "ChessBase"]
[SourceDate "2014.07.01"]
[SourceVersion "1"]
[SourceVersionDate "2014.07.01"]
[SourceQuality "1"]

1. Nf3 Nf6 2. c4 e6 3. g3 d5 4. b3 Be7 5. Bg2 c5 6. 0-0 0-0 7. Bb2 d4 8. e3 Nc6 9. exd4 cxd4 10. d3 e5 11. Re1 Nd7 12. Na3 Re8 13. Nc2 a5 14. a3 Bd6 15. Rb1 Ra6 16. Bc1 Rb6 17. Ng5 Nf6 18. Bd2 Bf5 19. Ne4 Nxe4 20. dxe4 Be6 21. Qe2 Qe7 22. a4 Rd8 23. Qd3 f6 24. f4 Bb4 25. Bxb4 Nxb4 26. Nxb4 Rxb4 27. f5 Bf7 28. Bf3 Rc8 29. Bd1 Qd6 30. g4 Qb6 31. Bc2 Qc5 32. Kg2 Kf8 33. Qd1 b5 34. axb5 a4 35. bxa4 Rxc4 36. Bb3 Rc3 37. Bxf7 Rc2+ 38. Re2 Rxe2+ 39. Qxe2 Kxf7 40. b6 Rb8 41. Qa2+ Kf8 42. Qb3 Qc6 43. Kf3 Rxb6 44. Qxb6 Qc3+ 45. Kg2 Qd2+ 46. Kh1 1-0

[Event "BCF-chT3 1314 (4NCL)"]
[Site "England"]
[Date "2014.05.05"]
[Round "11.148"]
[White "Botham, Christopher Paul"]
[Black "Burke, Steven J"]
[Result "1/2-1/2"]
[WhiteElo "2032"]
[BlackElo "1999"]
[PlyCount "30"]
[EventDate "2013.11.16"]
[EventType "team-swiss"]
[EventRounds "11"]
[EventCountry "ENG"]
[SourceTitle "EXT 2015"]
[Source "ChessBase"]
[SourceDate "2014.11.20"]
[SourceVersion "1"]
[SourceVersionDate "2014.11.20"]
[SourceQuality "1"]
[WhiteTeam "Iceni"]
[BlackTeam "Ashfield Breadsall"]
[WhiteTeamCountry "ENG"]
[BlackTeamCountry "ENG"]

1. d4 d5 2. Nf3 c6 3. Bf4 Nf6 4. Nbd2 Bf5 5. e3 e6 6. Bd3 Bxd3 7. cxd3 Be7 8. h3 h6 9. 0-0 Nbd7 10. Nb3 0-0 11. Qc2 Nh5 12. Bh2 f5 13. Ne5 Nxe5 14. Bxe5 Nf6 15. Nc5 Bxc5 1/2-1/2

[Event "BCF-chT3S 1314 (4NCL)"]
[Site "England"]
[Date "2014.02.15"]
[Round "5.177"]
[White "Mirza, Diana"]
[Black "Burke, Steven J"]
[Result "0-1"]
[WhiteElo "1773"]
[BlackElo "2000"]
[PlyCount "86"]
[EventDate "2013.11.16"]
[EventType "team-swiss"]
[EventRounds "6"]
[EventCountry "ENG"]
[SourceTitle "EXT 2015"]
[Source "ChessBase"]
[SourceDate "2014.11.20"]
[SourceVersion "1"]
[SourceVersionDate "2014.11.20"]
[SourceQuality "1"]
[WhiteTeam "Midland Monarchs"]
[BlackTeam "Ashfield Breadsall"]
[WhiteTeamCountry "ENG"]
[BlackTeamCountry "ENG"]

1. e4 c5 2. c4 Nc6 3. Nc3 g6 4. g3 Bg7 5. Bg2 d6 6. Nge2 Bg4 7. h3 Be6 8. d3 Qc8 9. f4 h5 10. Nd5 Nh6 11. Nec3 Nd4 12. Be3 Bxd5 13. cxd5 f5 14. Ne2 Nxe2 15. Qxe2 Qc7 16. 0-0 Rc8 17. Rac1 Qa5 18. d4 Qxa2 19. e5 0-0 20. dxc5 dxe5 21. fxe5 Nf7 22. e6 Nd8 23. Ra1 Qxb2 24. Qxb2 Bxb2 25. Rxa7 Be5 26. Rf3 g5 27. Bxg5 Bd4+ 28. Be3 Bxc5 29. Bxc5 Rxc5 30. Rf4 Rc1+ 31. Kh2 Kg7 32. Rf2 Kf6 33. Re2 Rc3 34. Ra8 Rg8 35. d6 Rcxg3 36. Bxb7 Nxb7 37. dxe7 Rxh3+ 38. Kxh3 Rxa8 39. Kh4 Nd6 40. Re1 Re8 41. Kg3 Rxe7 42. Rh1 Kg5 43. Re1 Ne4+ 0-1